00633nam a2200169 i 450000100060000000300090000600500170001500700030003200800410003511000580007624500850013426000510021930000220027085200320029299900170032495201220034156772ES-MaACL20230906163436.0t|031013s1971 sp ||||1| spa d1 aGranada (Provincia). bDiputación Provincial.9448810aPresupuesto ordinario b: ejercicio 1971 / cDiputación Provincial de Granada. a[Granada : bs.n., c1971] (fGráf. del Sur) a156 p. ; c27 cm. aES-MaACLjC-41373 bR.78863 c56772d56772 00104070aATENEOMbATENEOMcDEPO2d2008-01-17eSCl0oC-41373p1059614r2023-02-23 00:00:00w2023-02-23yMONOGRAFIA